Java programming : (Record no. 6607)
[ view plain ]
| 000 -LEADER | |
|---|---|
| fixed length control field | 01084nam a2200181Ia 4500 |
| 020 ## - INTERNATIONAL STANDARD BOOK NUMBER | |
| ISBN | 1423901355 |
| 020 ## - INTERNATIONAL STANDARD BOOK NUMBER | |
| ISBN | 9781423901358 |
| 050 #4 - CALL NUMBER | |
| Classification number | QA76.76.J38 |
| Item number | .M343 |
| 100 1# - AUTHOR | |
| Personal name | Malik, D. S. |
| 245 10 - TITLE | |
| Title | Java programming : |
| Remainder of title | from problem analysis to program design / |
| Statement of responsibility, etc | D.S. Malik. |
| 250 ## - EDITION | |
| Edition statement | Third edition. |
| 260 ## - PUBLICATION INFORMATION | |
| Place of publication | Boston, Mass. : |
| Name of publisher | Thomson Course Technology, |
| Year of publication | 2008. |
| 300 ## - DESCRIPTION | |
| Number of Pages | xxxi, 1,055 pages : |
| Other physical details | color illustrations ; |
| Dimensions | 24 cm + |
| Accompanying material | 1 CD-ROM (4 3/4 in.) |
| 500 ## - NOTES | |
| General note | Includes index. |
| 505 ## - FORMATTED CONTENTS NOTE | |
| Table of Content | An overview of computers and programming languages --<br/>Basic elements of Java --<br/>Inroduction to objects and input/output --<br/>Control structures I: selection --<br/>Control structures II: repetition --<br/>Graphical User Interface (GUI) and Object-Oriented Design (OOD) --<br/>User-defined methods --<br/>User-Defined classes and ADTs --<br/>Arrays --<br/>Applications of arrays (Searching and sorting) and strings --<br/>Inheritance and polymorphism --<br/>Handling exceptions and events --<br/>Advanced GUIs and graphics --<br/>Recursion -- |
| 650 ## - SUBJECTS | |
| Topical Term | Java (Computer program language) |
| 942 ## - ADDED ENTRY ELEMENTS (KOHA) | |
| Koha item type | Books |
| Withdrawn status | Lost status | Collection code | Home library | Current library | Shelving location | Date acquired | Full call number | Accession Number | Koha item type |
|---|---|---|---|---|---|---|---|---|---|
| Reference | Methodist University Library Main | Methodist University Library Main | General Stacks | QA76.76.J38 .M343 | 37028 | Books |